[Event "European Youth Chess Championship B14"]
[Site "Prague, Top Hotel Prague"]
[Date "2012.08.20"]
[Round "4.38"]
[White "Kavon, Rastislav"]
[Black "Erdogan, Anil Berk"]
[Result "0-1"]
[WhiteElo "1959"]
[BlackElo "1681"]
[PlyCount "112"]
[EventDate "2012.08.17"]

1. e4 e6 2. d4 d5 3. e5 c5 4. c3 Nc6 5. Nf3 Qb6 6. Bd3 cxd4 7. cxd4 Bd7 8. Bc2
Nb4 9. O-O Nxc2 10. Qxc2 Ne7 11. Nc3 Rc8 12. Rd1 Nc6 13. Qd3 Be7 14. h4 h6 15.
Rb1 Na5 16. Bf4 Nc4 17. b3 Na3 18. Rbc1 O-O 19. Qe3 Rc7 20. Ne2 Nc2 21. Qd2 Bb4
22. Nc3 Rxc3 23. Rxc2 Rxf3 24. Qc1 Rxf4 25. Qxf4 Rc8 26. Rdc1 Rxc2 27. Rxc2 Bc6
28. h5 Qd8 29. g4 Qg5 30. Qg3 Bd2 31. Kg2 Qf4 32. Qxf4 Bxf4 33. Kf3 Bg5 34. Kg3
Bd8 35. f3 Bb6 36. Rd2 Ba5 37. Rd1 Bb4 38. Kf2 Kf8 39. Ke3 Ke7 40. Rg1 Ba3 41.
f4 f6 42. Kd2 fxe5 43. fxe5 Bb5 44. Kc3 a5 45. Rg2 Bf1 46. Rg1 Be2 47. Kd2 Bf3
48. Ke3 Be4 49. Rf1 b5 50. Rg1 Bb2 51. Rf1 a4 52. bxa4 bxa4 53. Rg1 a3 54. Rf1
Bh7 55. Rd1 Bc2 56. Rf1 Bb3 0-1

[Event "European Youth Chess Championship B14"]
[Site "Prague, Top Hotel Prague"]
[Date "2012.08.20"]
[Round "4.39"]
[White "Cach, Jakub"]
[Black "Tuerlinckx, Ben"]
[Result "1/2-1/2"]
[WhiteElo "1596"]
[BlackElo "1938"]
[PlyCount "97"]
[EventDate "2012.08.17"]

1. e4 c5 2. Nf3 e6 3. d4 cxd4 4. Nxd4 Nc6 5. Nxc6 bxc6 6. Bd3 d5 7. O-O Nf6 8.
e5 Nd7 9. Re1 c5 10. c3 Qb6 11. Bc2 g6 12. b3 Bg7 13. f4 Bb7 14. Be3 O-O 15.
Nd2 a5 16. Nf3 Bc6 17. Ng5 h6 18. Nf3 Qb7 19. Qe2 a4 20. Qf2 axb3 21. axb3 Qb5
22. Qh4 Rxa1 23. Rxa1 Qe2 24. Qf2 Qxf2+ 25. Kxf2 Ra8 26. Rxa8+ Bxa8 27. b4 Bf8
28. bxc5 Bxc5 29. Bxc5 Nxc5 30. Nd4 Bb7 31. Nb5 Ba6 32. Nd6 Bd3 33. Bxd3 Nxd3+
34. Ke3 Nc5 35. c4 dxc4 36. Nxc4 Nd7 37. Kd4 Kg7 38. Nd6 Nb6 39. Ne8+ Kf8 40.
Nf6 Nc8 41. Kc5 Ne7 42. g4 Nc8 43. h4 Na7 44. h5 gxh5 45. Nxh5 Nc8 46. Nf6 Ne7
47. Kd4 Kg7 48. Nh5+ Kg6 49. Nf6 1/2-1/2

[Event "European Youth Chess Championship B14"]
[Site "Prague, Top Hotel Prague"]
[Date "2012.08.20"]
[Round "4.41"]
[White "Guerra Arrocha, Daniel"]
[Black "Savenkov, Konstantin"]
[Result "0-1"]
[WhiteElo "1872"]
[BlackElo "2162"]
[PlyCount "80"]
[EventDate "2012.08.17"]

1. e4 e6 2. d4 d5 3. Nc3 Bb4 4. e5 Ne7 5. Bd3 c5 6. dxc5 Nbc6 7. Nf3 d4 8. a3
Bxc5 9. b4 Nxb4 10. axb4 Bxb4 11. Bb5+ Bd7 12. O-O Bxc3 13. Rb1 Bxb5 14. Rxb5
Qd7 15. Rb3 h6 16. Qd3 Nc6 17. Qb5 Rb8 18. Rd1 Qc7 19. Qc4 O-O 20. Qe2 Rfd8 21.
g4 d3 22. cxd3 Nd4 23. Nxd4 Bxd4 24. g5 hxg5 25. Bxg5 Rd5 26. Rb4 Qc5 27. Rc4
Rxe5 28. Be3 Qd5 29. h4 b5 30. Rc7 Bb6 31. Rc2 Bxe3 32. fxe3 Rh5 33. Qf2 Rf5
34. Qh2 Qe5 35. Qh3 Rd8 36. Rg2 Qf6 37. Qg4 Rf3 38. Qh5 Rd5 39. Rg5 Rg3+ 40.
Kh1 Rdxg5 0-1

[Event "European Youth Chess Championship B14"]
[Site "Prague, Top Hotel Prague"]
[Date "2012.08.20"]
[Round "4.42"]
[White "Lopatik, Nikita"]
[Black "Pulpan, Jakub"]
[Result "1/2-1/2"]
[WhiteElo "1869"]
[BlackElo "2087"]
[PlyCount "81"]
[EventDate "2012.08.17"]

1. e4 c5 2. Nf3 e6 3. d4 cxd4 4. Nxd4 a6 5. Bd3 Nc6 6. Nxc6 bxc6 7. O-O d5 8.
exd5 cxd5 9. Bf4 Nf6 10. Nd2 Be7 11. h3 O-O 12. Nf3 Bb7 13. c3 a5 14. Re1 Qb6
15. Qc2 a4 16. Be5 Ne4 17. Bd4 Bc5 18. h4 Bxd4 19. cxd4 Rfc8 20. Qe2 Ba6 21.
Rab1 Bxd3 22. Qxd3 Qa6 23. Qxa6 Rxa6 24. Rec1 Rac6 25. Rxc6 Rxc6 26. Ne1 Rc4
27. Rd1 g6 28. Kf1 Nd6 29. Ke2 Rb4 30. Rd2 Ne4 31. a3 Rc4 32. Rd1 Rc8 33. g3
Nd6 34. Nd3 Nc4 35. Rc1 Rb8 36. Rc2 Rb3 37. Rc3 Rxc3 38. bxc3 Nxa3 39. Nb2 Nc4
40. Nxc4 dxc4 41. Kd2 1/2-1/2

[Event "European Youth Chess Championship B14"]
[Site "Prague, Top Hotel Prague"]
[Date "2012.08.20"]
[Round "4.43"]
[White "Jablonicky, Martin"]
[Black "Afanaskin, Igor"]
[Result "0-1"]
[WhiteElo "1858"]
[BlackElo "2029"]
[PlyCount "56"]
[EventDate "2012.08.17"]

1. e4 c5 2. Nf3 d6 3. d4 cxd4 4. Nxd4 Nf6 5. Nc3 g6 6. Be3 Bg7 7. f3 O-O 8. Qd2
Nc6 9. Bc4 Bd7 10. Bb3 Rc8 11. O-O-O Nxd4 12. Bxd4 b5 13. Nd5 Nxd5 14. Bxg7
Kxg7 15. Bxd5 a5 16. a3 Qb6 17. h4 b4 18. h5 bxa3 19. bxa3 Ba4 20. c3 Qc5 21.
Kb2 Qb5+ 22. Ka2 Bxd1 23. Qxd1 Qc5 24. hxg6 hxg6 25. Qd2 Rh8 26. Qf4 Rxh1 27.
Qxf7+ Kh8 28. Qxe7 Qxc3 0-1

[Event "European Youth Chess Championship B14"]
[Site "Prague, Top Hotel Prague"]
[Date "2012.08.20"]
[Round "4.44"]
[White "Rydl, Jiri"]
[Black "Balaji, Ananthanarayanan"]
[Result "0-1"]
[WhiteElo "2021"]
[BlackElo "1859"]
[PlyCount "50"]
[EventDate "2012.08.17"]

1. e4 e5 2. Nf3 Nc6 3. d4 exd4 4. Nxd4 Bc5 5. Nxc6 Qf6 6. Qd2 bxc6 7. Nc3 Ne7
8. Bd3 O-O 9. O-O d6 10. Na4 Bb6 11. Qe2 Ng6 12. Nxb6 axb6 13. f4 c5 14. c3 Bb7
15. Qc2 Rfe8 16. b3 Qe7 17. Re1 f5 18. e5 dxe5 19. Bxf5 Qh4 20. g3 Qf6 21. Be4
exf4 22. Bxf4 Rxe4 23. Rxe4 Nxf4 24. Rxf4 Qc6 25. Qf5 Qg2# 0-1

[Event "European Youth Chess Championship B14"]
[Site "Prague, Top Hotel Prague"]
[Date "2012.08.20"]
[Round "4.45"]
[White "Abbasov, Zaur"]
[Black "Dvorak, Adam"]
[Result "1/2-1/2"]
[WhiteElo "1839"]
[BlackElo "2008"]
[PlyCount "48"]
[EventDate "2012.08.17"]

1. d4 Nf6 2. c4 c5 3. Nf3 cxd4 4. Nxd4 e6 5. Nc3 a6 6. g3 Qc7 7. Qd3 d6 8. Bg2
Nbd7 9. b3 Be7 10. O-O O-O 11. Bb2 Ne5 12. Qd2 Bd7 13. Rac1 Rad8 14. Rfd1 Rfe8
15. e4 Nc6 16. Nd5 exd5 17. cxd5 Bg4 18. Re1 Bd7 19. dxc6 bxc6 20. Qc2 c5 21.
Nf3 Be6 22. Nd4 Bd7 23. Nf3 Bc6 24. Nd4 Bd7 1/2-1/2

[Event "European Youth Chess Championship B14"]
[Site "Prague, Top Hotel Prague"]
[Date "2012.08.20"]
[Round "4.46"]
[White "Ramacker, Quinten"]
[Black "Kratochvil, Vit 98"]
[Result "1-0"]
[WhiteElo "1805"]
[BlackElo "1962"]
[PlyCount "95"]
[EventDate "2012.08.17"]

1. e4 c5 2. Nf3 d6 3. d4 cxd4 4. Nxd4 Nf6 5. Nc3 g6 6. Be3 Bg7 7. f3 O-O 8. Bc4
Nc6 9. Qd2 Bd7 10. g4 Ne5 11. Bb3 b5 12. h4 a5 13. a4 bxa4 14. Nxa4 h5 15. g5
Ne8 16. Kf2 Ra6 17. Ne2 Be6 18. Nc5 Ra8 19. Nb7 Qb8 20. Nxa5 Bxb3 21. cxb3 Nc7
22. Nd4 Nb5 23. Rhc1 Nxd4 24. Bxd4 Qb5 25. Kg2 Rfc8 26. Rxc8+ Rxc8 27. b4 Nd3
28. Bc3 Rb8 29. Nc6 Bxc3 30. bxc3 Nf4+ 31. Qxf4 Qxc6 32. Qd2 Ra8 33. Rxa8+ Qxa8
34. b5 Qa5 35. Qb2 Qb6 36. c4 Kh7 37. Qa2 Qd4 38. c5 Qxc5 39. Qxf7+ Kh8 40.
Qf8+ Kh7 41. Qxe7+ Kg8 42. Qe6+ Kg7 43. Qf6+ Kh7 44. Qf7+ Kh8 45. Qf8+ Kh7 46.
Qh6+ Kg8 47. Qxg6+ Kf8 48. Qf6+ 1-0

[Event "European Youth Chess Championship B14"]
[Site "Prague, Top Hotel Prague"]
[Date "2012.08.20"]
[Round "4.47"]
[White "Simo, Marian"]
[Black "Taylor, Adam C"]
[Result "1-0"]
[WhiteElo "1760"]
[BlackElo "1962"]
[PlyCount "101"]
[EventDate "2012.08.17"]

1. e4 c5 2. Nc3 a6 3. g3 b5 4. Bg2 Bb7 5. d3 e6 6. Nge2 b4 7. Nb1 d5 8. exd5
Bxd5 9. Bxd5 Qxd5 10. O-O Nf6 11. Nd2 Nbd7 12. Nc4 Be7 13. a3 bxa3 14. Rxa3 h5
15. Nc3 Qf5 16. Nb5 O-O 17. Nc3 Ng4 18. Ne3 Qg6 19. Nxg4 hxg4 20. f4 gxf3 21.
Qxf3 c4 22. Ra5 cxd3 23. cxd3 Nc5 24. Ne4 Nb3 25. Ra4 f5 26. Nd2 Nc5 27. Rc4
Nd7 28. d4 Nf6 29. Rc6 Ne4 30. Qb3 Nd6 31. Re1 Rf6 32. d5 Kf7 33. Rxd6 Bxd6 34.
Qb7+ Be7 35. Qxa8 f4 36. dxe6+ Rxe6 37. Rxe6 Qxe6 38. Qf3 Qe1+ 39. Qf1 Bc5+ 40.
Kg2 Qxf1+ 41. Nxf1 fxg3 42. hxg3 a5 43. b3 Ke6 44. Bd2 Bb4 45. Bxb4 axb4 46.
Kf3 Kd5 47. Ke3 g5 48. Nd2 Ke5 49. Ne4 Kf5 50. Kd4 Kg4 51. Kc4 1-0

[Event "European Youth Chess Championship B14"]
[Site "Prague, Top Hotel Prague"]
[Date "2012.08.20"]
[Round "4.48"]
[White "O`Donnell, Conor"]
[Black "Radulescu, Vlad-Alexandru"]
[Result "1-0"]
[WhiteElo "1955"]
[BlackElo "1830"]
[PlyCount "91"]
[EventDate "2012.08.17"]

1. e4 c5 2. Nc3 e6 3. f4 d5 4. Nf3 Nc6 5. exd5 exd5 6. Bb5 Nf6 7. Bxc6+ bxc6 8.
d3 Be7 9. O-O O-O 10. b3 Bd6 11. Na4 Qc7 12. g3 Bg4 13. Ba3 Rad8 14. Bxc5 Bxc5+
15. Nxc5 Qb6 16. d4 Ne4 17. Na4 Qc7 18. Qd3 f6 19. Nc3 Rfe8 20. Rfe1 Qe7 21.
Nd2 Bf5 22. Ndxe4 dxe4 23. Qe3 Qb4 24. Red1 Qa5 25. Na4 Bg4 26. Rd2 Qf5 27. Nc5
Bf3 28. b4 h5 29. Re1 g6 30. Qf2 Kg7 31. Re3 Qd5 32. c3 Rh8 33. Nd3 Rh7 34. h3
g5 35. Ne1 g4 36. h4 a5 37. Rb2 Ra8 38. Qd2 Kg6 39. Nc2 Rha7 40. a3 axb4 41.
cxb4 Ra4 42. Kf2 Qc4 43. Rc3 Qa6 44. Rbb3 Re8 45. Rc5 Re6 46. f5+ 1-0

[Event "European Youth Chess Championship B14"]
[Site "Prague, Top Hotel Prague"]
[Date "2012.08.20"]
[Round "4.49"]
[White "Skorepa, Jakub"]
[Black "Shahaliyev, Ismayil"]
[Result "0-1"]
[WhiteElo "1680"]
[BlackElo "1954"]
[PlyCount "72"]
[EventDate "2012.08.17"]

1. e4 c5 2. Nf3 d6 3. d4 cxd4 4. Nxd4 Nf6 5. Nc3 a6 6. Be2 e6 7. O-O Be7 8. Be3
Nc6 9. f4 O-O 10. Kh1 Qc7 11. Qe1 Bd7 12. Qg3 b5 13. a3 Rac8 14. Bd3 Nxd4 15.
Bxd4 Bc6 16. Rae1 Qb7 17. Nd1 g6 18. Nf2 Nh5 19. Qe3 Ng7 20. Ng4 f6 21. Bc3 e5
22. Re2 h5 23. Nf2 g5 24. fxg5 fxg5 25. Ree1 g4 26. Be2 Rf4 27. Bd3 Rcf8 28. a4
Bh4 29. g3 Rf3 30. Qe2 Bd8 31. axb5 axb5 32. Bb4 Bb6 33. Nd1 Rxf1+ 34. Rxf1
Rxf1+ 35. Qxf1 Bxe4+ 36. Bxe4 Qxe4+ 0-1

[Event "European Youth Chess Championship B14"]
[Site "Prague, Top Hotel Prague"]
[Date "2012.08.20"]
[Round "4.50"]
[White "Portela Peleteiro, Alberto"]
[Black "Kostka, Vit"]
[Result "1/2-1/2"]
[WhiteElo "1953"]
[BlackElo "1820"]
[PlyCount "191"]
[EventDate "2012.08.17"]

1. e4 c5 2. Nc3 d6 3. f4 Nf6 4. Nf3 g6 5. Bc4 Bg7 6. O-O Nc6 7. d3 O-O 8. Qe1
a6 9. a4 Bg4 10. f5 Bxf3 11. gxf3 Nd4 12. Qh4 Rb8 13. Rf2 b5 14. Ba2 b4 15.
fxg6 hxg6 16. f4 bxc3 17. bxc3 Nc6 18. f5 d5 19. fxg6 fxg6 20. exd5 Na5 21. d6+
c4 22. dxc4 exd6 23. c5+ d5 24. Bg5 Rb7 25. Rd1 Rd7 26. c6 Nxc6 27. c4 Rd6 28.
cxd5 Ne5 29. Rdf1 Qb6 30. Kh1 Neg4 31. Rf3 a5 32. h3 Ne5 33. R3f2 Rf7 34. Bb3
Rf8 35. Kh2 Nfg4+ 36. hxg4 Nxg4+ 37. Kg2 Rxf2+ 38. Rxf2 Nxf2 39. Qxf2 Qb4 40.
Qf4 Qxf4 41. Bxf4 Rd7 42. d6+ Kf8 43. Be6 Ke8 44. Bxd7+ Kxd7 45. Bd2 Kxd6 46.
Bxa5 Kc5 47. Kf3 Be5 48. Ke4 Bb8 49. Bd2 Bc7 50. Kd3 Be5 51. c3 Bc7 52. Be3+
Kd5 53. c4+ Kc6 54. Ke4 Bd6 55. Bd4 Bc7 56. Kf3 Bd6 57. Kg4 Be7 58. Kf4 Kd6 59.
a5 Kc6 60. a6 Bd8 61. Ke5 g5 62. Kf5 Be7 63. Ke6 Bd8 64. Kf5 Be7 65. Be3 Bd8
66. Bxg5 Bb6 67. Ke4 Bc7 68. Be3 Bd6 69. Kf5 Be7 70. Ke6 Bf8 71. Kf7 Bb4 72.
Ke8 Kc7 73. Bg5 Bc5 74. Bd8+ Kb8 75. Be7 Be3 76. Kd7 Ka7 77. Kc6 Kxa6 78. Bc5
Bf4 79. Bd4 Bb8 80. Kd7 Ka5 81. c5 Kb5 82. c6 Bf4 83. Bf6 Kc5 84. Be7+ Kd5 85.
Bd8 Be5 86. Bc7 Bd4 87. Bd6 Bb6 88. Bb4 Kc4 89. Bd6 Kd5 90. Bc7 Bd4 91. Bf4 Bb6
92. Be3 Ba5 93. Ba7 Kc4 94. Kc8 Kb5 95. Kb7 Bd8 96. Bd4 1/2-1/2

[Event "European Youth Chess Championship B14"]
[Site "Prague, Top Hotel Prague"]
[Date "2012.08.20"]
[Round "4.51"]
[White "Hadzialic, Benjamin"]
[Black "Monteriano, Eran"]
[Result "0-1"]
[WhiteElo "1745"]
[BlackElo "1947"]
[PlyCount "85"]
[EventDate "2012.08.17"]

1. d4 Nf6 2. c4 g6 3. Nf3 Bg7 4. e3 O-O 5. Be2 c5 6. O-O b6 7. Nc3 Bb7 8. b3 d5
9. Bb2 e6 10. Rc1 Qe7 11. dxc5 bxc5 12. cxd5 exd5 13. Na4 Na6 14. Ba3 Ne4 15.
Nd2 Rfd8 16. Nxe4 dxe4 17. Qc2 Rd5 18. Bxc5 Nxc5 19. Nxc5 Rc8 20. Qxe4 Be5 21.
Nxb7 Bxh2+ 22. Kxh2 Qxe4 23. Rxc8+ Kg7 24. Bf3 Qh4+ 25. Kg1 Re5 26. Rc4 Qf6 27.
Nc5 Qe7 28. Nd3 Rf5 29. b4 h5 30. Rc5 Rg5 31. Rxg5 Qxg5 32. a4 h4 33. Rd1 Qf5
34. Nc5 h3 35. Be4 h2+ 36. Kxh2 Qh5+ 37. Kg3 Qxd1 38. a5 f5 39. Bb7 Qd6+ 40.
Kh3 g5 41. g3 Qd2 42. a6 Qxf2 43. b5 0-1

[Event "European Youth Chess Championship B14"]
[Site "Prague, Top Hotel Prague"]
[Date "2012.08.20"]
[Round "4.53"]
[White "Gerlagh, Joris"]
[Black "Lukic, Lazar"]
[Result "1-0"]
[WhiteElo "1930"]
[BlackElo "1692"]
[PlyCount "39"]
[EventDate "2012.08.17"]

1. e4 e5 2. Nf3 Nc6 3. d4 exd4 4. Nxd4 d6 5. Be3 Nf6 6. Nc3 Be7 7. Qd2 Bd7 8.
f3 O-O 9. Nxc6 Bxc6 10. Bc4 a6 11. Bb3 h6 12. g4 Nh7 13. O-O-O Re8 14. Kb1 b6
15. h4 Bxh4 16. Bxh6 Bg5 17. Bxg5 Qxg5 18. Qg2 Nf6 19. Qe2 Kf8 20. Qc4 1-0

[Event "European Youth Chess Championship B14"]
[Site "Prague, Top Hotel Prague"]
[Date "2012.08.20"]
[Round "4.54"]
[White "Rajkovic, Mladen"]
[Black "Cesenek, Jan"]
[Result "1-0"]
[WhiteElo "1926"]
[BlackElo "1736"]
[PlyCount "109"]
[EventDate "2012.08.17"]

1. e4 c5 2. Nf3 d6 3. Bc4 Nc6 4. d3 Nf6 5. c3 g6 6. Bb3 Bg7 7. O-O O-O 8. Re1
Qc7 9. Nbd2 a6 10. Nf1 b5 11. Ng3 Bb7 12. Bf4 Nd7 13. Rc1 Rac8 14. Qd2 Nce5 15.
Nxe5 Nxe5 16. d4 Nd7 17. Bh6 c4 18. Bc2 Rfd8 19. Bxg7 Kxg7 20. Qg5 e6 21. f4
Re8 22. e5 dxe5 23. fxe5 Qd8 24. Nh5+ Kh8 25. Qh6 Rg8 26. Rf1 Qf8 27. Qxf8
Rcxf8 28. Nf6 Nxf6 29. Rxf6 Kg7 30. Rcf1 h5 31. h4 Bd5 32. R1f2 Rh8 33. Kf1 a5
34. Ke2 Bc6 35. Ke3 Bd5 36. b3 Rh6 37. bxc4 bxc4 38. Be4 Rhh8 39. Bxd5 exd5 40.
Rb2 Rb8 41. Rfb6 Ra8 42. a4 Rhd8 43. Kf4 Rd7 44. Kg5 Raa7 45. R2b5 Rd8 46. Kf4
Kg8 47. Rc6 Kg7 48. Rcc5 Rad7 49. Rxa5 Kf8 50. Rab5 Ke7 51. a5 f6 52. exf6+
Kxf6 53. Rc6+ Rd6 54. Rxd6+ Rxd6 55. Rb6 1-0

[Event "European Youth Chess Championship B14"]
[Site "Prague, Top Hotel Prague"]
[Date "2012.08.20"]
[Round "4.55"]
[White "Liebert, Erwin"]
[Black "Voloshin, Pavel"]
[Result "0-1"]
[WhiteElo "1566"]
[BlackElo "1922"]
[PlyCount "78"]
[EventDate "2012.08.17"]

1. e4 e6 2. d4 d5 3. Bd3 Nf6 4. e5 Nfd7 5. Nf3 c5 6. c3 Qb6 7. O-O cxd4 8. cxd4
Nc6 9. Bc2 Be7 10. a3 Qc7 11. Nc3 a6 12. Re1 Nb6 13. Qd3 Bd7 14. b3 O-O-O 15.
Ng5 Be8 16. b4 h6 17. Nf3 Na7 18. Rb1 Kb8 19. a4 Rc8 20. Bd2 Nc4 21. Rb3 Nxd2
22. Nxd2 Bxa4 23. Nxa4 Qxc2 24. Nc5 Qxd3 25. Rxd3 Nc6 26. Rb1 Rc7 27. b5 axb5
28. Rxb5 Bxc5 29. Rxc5 Rhc8 30. Rb5 Na7 31. Rbb3 Rc1+ 32. Nf1 Ra1 33. f4 Rcc1
34. Rf3 Nc6 35. Rbd3 Nb4 36. Rb3 Nc2 37. Rb2 Nxd4 38. Rff2 Nf5 39. Rb3 d4 0-1

[Event "European Youth Chess Championship B14"]
[Site "Prague, Top Hotel Prague"]
[Date "2012.08.20"]
[Round "4.56"]
[White "Molnar, Erno"]
[Black "Lopez Popov, Ivan"]
[Result "1/2-1/2"]
[WhiteElo "1919"]
[BlackElo "1719"]
[PlyCount "119"]
[EventDate "2012.08.17"]

1. e4 c5 2. Nf3 d6 3. d4 cxd4 4. Nxd4 Nf6 5. Nc3 Nc6 6. f3 e6 7. Be3 Be7 8. Qd2
a6 9. O-O-O O-O 10. g4 Qc7 11. h4 b5 12. h5 g6 13. hxg6 fxg6 14. Bh3 e5 15.
Nxc6 Qxc6 16. Bg5 b4 17. Ne2 a5 18. Bg2 Be6 19. Kb1 Rab8 20. Bxf6 Rxf6 21. g5
Rff8 22. Bh3 Bf7 23. Rh2 a4 24. Rdh1 b3 25. cxb3 axb3 26. a3 Qc2+ 27. Qxc2
bxc2+ 28. Kxc2 Bb3+ 29. Kc1 Bxg5+ 30. Kb1 h5 31. Rg2 Bf6 32. Rxg6+ Kf7 33. Bf5
Rh8 34. Rc1 Rb7 35. Rc6 Be7 36. Rg1 Ba4 37. Rcc1 h4 38. Nc3 Bb3 39. Rg2 Rg8 40.
Rcg1 Rxg2 41. Rxg2 Be6 42. Bxe6+ Kxe6 43. Nd5 Bd8 44. Rg6+ Kd7 45. b4 Kc6 46.
Ne3 Rh7 47. Nf5 Bc7 48. Rg2 h3 49. Rh2 Bb6 50. Rh1 h2 51. Rc1+ Kd7 52. Ng3 Rg7
53. Nh1 Rg1 54. Kc2 Be3 55. Rd1 Rxd1 56. Kxd1 Kc6 57. Ke2 Bf4 58. a4 Kb6 59.
Kd3 Bc1 60. Ke2 1/2-1/2

[Event "European Youth Chess Championship B14"]
[Site "Prague, Top Hotel Prague"]
[Date "2012.08.20"]
[Round "4.58"]
[White "Truksa, Vaclav"]
[Black "Kravec, Patrik"]
[Result "0-1"]
[WhiteElo "1673"]
[BlackElo "1910"]
[PlyCount "84"]
[EventDate "2012.08.17"]

1. e4 c5 2. b4 cxb4 3. a3 bxa3 4. Nxa3 e6 5. c3 g6 6. d4 Bg7 7. Bf4 d6 8. Nc4
Bf6 9. Qb3 Be7 10. Nb6 axb6 11. Rxa8 Qc7 12. Bb5+ Kf8 13. Ra1 Kg7 14. Ne2 Bd7
15. Bxd7 Nxd7 16. Ra8 h5 17. O-O h4 18. h3 Rh5 19. Rb1 Ngf6 20. f3 Rh7 21. Bg5
Rh5 22. Bxf6+ Kxf6 23. Nf4 Rh7 24. Rg8 Rh6 25. Ra8 Rh7 26. Ra2 Bf8 27. d5 e5
28. Nd3 Bh6 29. Re2 Rh8 30. Nb2 Qc5+ 31. Kf1 b5 32. Nd1 Ra8 33. Ra2 Rxa2 34.
Qxa2 Nb6 35. Qb3 Nc4 36. Qxb5 Nd2+ 37. Ke2 Qg1 38. Kd3 Nxb1 39. Qxb1 Qxg2 40.
Qc2 Qxf3+ 41. Kc4 Qxh3 42. Qf2+ Bf4 0-1

[Event "European Youth Chess Championship B14"]
[Site "Prague, Top Hotel Prague"]
[Date "2012.08.20"]
[Round "4.60"]
[White "Utnasanov, Adyan"]
[Black "Sorin, Ilya"]
[Result "1-0"]
[WhiteElo "1882"]
[BlackElo "1575"]
[PlyCount "101"]
[EventDate "2012.08.17"]

1. d4 Nf6 2. Nf3 g6 3. c4 Bg7 4. Nc3 O-O 5. Bf4 d6 6. h3 c5 7. d5 Qb6 8. Qd2
Bf5 9. O-O-O Bh8 10. g4 Ne4 11. Nxe4 Bxe4 12. b3 Qa6 13. a4 Qb6 14. Qe3 f5 15.
gxf5 Bxf5 16. Nh4 Qb4 17. f3 Qa3+ 18. Kd2 Qb2+ 19. Ke1 Bc3+ 20. Kf2 Bd4 21.
Rxd4 Qxd4 22. Qxd4 cxd4 23. Bh6 Rf7 24. Nxf5 Rxf5 25. h4 Rh5 26. Bd2 Nd7 27.
Bh3 Nf6 28. Kg3 Re5 29. Kf2 Rh5 30. Bf4 g5 31. hxg5 Kg7 32. gxf6+ Kxf6 33. Bg2
Rxh1 34. Bxh1 Rg8 35. Bc1 h5 36. Bb2 Kf5 37. Bxd4 b6 38. Bg2 h4 39. Bh3+ Kg5
40. Bg4 Kg6 41. Kg2 Kg5 42. Kh3 Kf4 43. e3+ Kg5 44. f4+ Kg6 45. Kxh4 Kh6 46. e4
Rf8 47. b4 Rb8 48. Be6 Rb7 49. c5 bxc5 50. bxc5 Rb4 51. c6 1-0

[Event "European Youth Chess Championship B14"]
[Site "Prague, Top Hotel Prague"]
[Date "2012.08.20"]
[Round "4.62"]
[White "Svoboda, Filip"]
[Black "Chistiakov, Mihail"]
[Result "1/2-1/2"]
[WhiteElo "1706"]
[BlackElo "1879"]
[PlyCount "107"]
[EventDate "2012.08.17"]

1. e4 c5 2. Nf3 d6 3. d4 cxd4 4. Nxd4 Nf6 5. Nc3 g6 6. Bc4 Bg7 7. h3 Nc6 8. O-O
O-O 9. Re1 Nd7 10. Nxc6 bxc6 11. Bg5 h6 12. Bf4 Rb8 13. Bb3 Ba6 14. Qd2 Kh7 15.
Rad1 Qa5 16. Be3 Ne5 17. Bxa7 Rb7 18. Bd4 c5 19. Bxe5 Bxe5 20. Nd5 Qxd2 21.
Rxd2 c4 22. Ba4 Rxb2 23. f4 Bg7 24. Rdd1 Rxa2 25. Bc6 Rb8 26. Nxe7 Rxc2 27.
Rxd6 Bb7 28. e5 Bxc6 29. Rxc6 Rbb2 30. g4 Rc3 31. Nd5 Rg3+ 32. Kh1 Rxh3+ 33.
Kg1 Rg3+ 34. Kh1 Rxg4 35. Rxc4 Rd2 36. Ne3 Rh4+ 37. Kg1 Rdh2 38. Ng2 Rh1+ 39.
Kf2 Rxe1 40. Nxh4 Ra1 41. Kg2 Ra2+ 42. Kf3 Ra3+ 43. Kf2 Rh3 44. Nf3 Kg8 45. Kg2
Rh5 46. Kg3 Kf8 47. Rc8+ Ke7 48. Rg8 Bf8 49. Nh4 Ke8 50. e6 g5 51. fxg5 hxg5
52. Nf3 fxe6 53. Nxg5 Ke7 54. Nxe6 1/2-1/2

[Event "European Youth Chess Championship B14"]
[Site "Prague, Top Hotel Prague"]
[Date "2012.08.20"]
[Round "4.63"]
[White "Tsoi, Leo Z"]
[Black "Spiridonov, Mikhail"]
[Result "1-0"]
[WhiteElo "1849"]
[BlackElo "1720"]
[PlyCount "63"]
[EventDate "2012.08.17"]

1. e4 c5 2. Nc3 Nc6 3. g3 g6 4. Bg2 Bg7 5. d3 d6 6. Be3 Nf6 7. h3 O-O 8. f4 Rb8
9. g4 Qc7 10. Nf3 b5 11. Qd2 c4 12. O-O b4 13. Nd1 cxd3 14. cxd3 Qa5 15. Nd4
Nxd4 16. Bxd4 Bb7 17. f5 Qa6 18. g5 Nd7 19. f6 exf6 20. gxf6 Bh8 21. Ne3 h5 22.
a3 b3 23. Nc4 d5 24. exd5 Nxf6 25. Qc3 Nxd5 26. Bxd5 Bxd4+ 27. Qxd4 Rbd8 28.
Bxf7+ Kh7 29. Qf6 Qxf6 30. Rxf6 Kg7 31. Raf1 Kh8 32. Ne5 1-0

[Event "European Youth Chess Championship B14"]
[Site "Prague, Top Hotel Prague"]
[Date "2012.08.20"]
[Round "4.64"]
[White "Bares, Jachym"]
[Black "Bulgurlu, Okan"]
[Result "0-1"]
[WhiteElo "1684"]
[BlackElo "1839"]
[PlyCount "106"]
[EventDate "2012.08.17"]

1. e4 c5 2. Nf3 d6 3. d4 cxd4 4. Nxd4 Nf6 5. Nc3 a6 6. Be3 e6 7. g4 Be7 8. g5
Nfd7 9. f4 Nc6 10. Qh5 g6 11. Qf3 h5 12. Bh3 Na5 13. O-O-O Nc4 14. Qe2 Nxe3 15.
Qxe3 e5 16. Nf3 exf4 17. Bxd7+ Bxd7 18. Qxf4 Bg4 19. h4 O-O 20. Rd3 Qa5 21. Nd5
Bd8 22. a3 Rc8 23. Qxd6 Re8 24. Nd2 Re6 25. Qb4 Qxb4 26. axb4 Kg7 27. Rc3 Rxc3
28. Nxc3 Bb6 29. Nd5 Bf2 30. c3 Re5 31. Kc2 Be6 32. c4 Kf8 33. Kd3 Bg4 34. Nf6
Ke7 35. Nxg4 hxg4 36. Ke2 Bd4 37. b3 Bc3 38. Rg1 Bxd2 39. Kxd2 Rxe4 40. Kd3 Rf4
41. b5 axb5 42. cxb5 Kd6 43. Ke3 Rb4 44. Kd2 Ke5 45. Ke2 Kf5 46. Rg3 Kf4 47.
Rc3 Rxb5 48. Kf2 Re5 49. Rc7 g3+ 50. Kf1 Kg4 51. Rxf7 Kh3 52. Rc7 g2+ 53. Kf2
Rf5+ 0-1

[Event "European Youth Chess Championship B14"]
[Site "Prague, Top Hotel Prague"]
[Date "2012.08.20"]
[Round "4.66"]
[White "Suleymanli, Ramazan"]
[Black "Cavadas, Francisco"]
[Result "0-1"]
[WhiteElo "1750"]
[BlackElo "1649"]
[PlyCount "84"]
[EventDate "2012.08.17"]

1. e4 c5 2. Nf3 g6 3. d4 cxd4 4. Nxd4 Bg7 5. Be3 Nc6 6. c4 Nf6 7. Nc3 O-O 8. f3
d6 9. Qd2 Nxd4 10. Bxd4 Be6 11. Be2 a6 12. O-O Rc8 13. Nd5 Nxd5 14. cxd5 Bd7
15. Rac1 Bxd4+ 16. Qxd4 Qa5 17. a3 Bb5 18. Bxb5 Qxb5 19. h4 Qb3 20. h5 Rc2 21.
Rxc2 Qxc2 22. e5 Rc8 23. exd6 exd6 24. b4 Qc4 25. Rd1 Qxd4+ 26. Rxd4 gxh5 27.
a4 Kg7 28. a5 Kf6 29. Kf2 Rc2+ 30. Kg3 Rc7 31. Kf2 Ke5 32. Rh4 Kxd5 33. Rxh5+
Kc4 34. Rxh7 Kxb4 35. g4 Kxa5 36. g5 b5 37. Kg3 Kb6 38. f4 b4 39. f5 b3 40. g6
fxg6 41. Rh2 gxf5 42. Kf3 Rc5 0-1

[Event "European Youth Chess Championship B14"]
[Site "Prague, Top Hotel Prague"]
[Date "2012.08.20"]
[Round "4.68"]
[White "Ucles Lirola, Moises"]
[Black "Thorgeirsson, Jon Kristinn"]
[Result "1-0"]
[WhiteElo "1857"]
[BlackElo "1747"]
[PlyCount "65"]
[EventDate "2012.08.17"]

1. Nf3 Nf6 2. g3 g6 3. Bg2 Bg7 4. O-O O-O 5. d3 d5 6. Nbd2 c5 7. e4 e6 8. Re1
Nc6 9. c3 d4 10. Nc4 b5 11. Nce5 Bb7 12. Nxc6 Bxc6 13. cxd4 cxd4 14. Bf4 Nd7
15. Bd6 Re8 16. e5 Qb6 17. Qd2 Qb7 18. Nh4 Bxg2 19. Nxg2 a5 20. Rac1 Qd5 21.
Nf4 Qf3 22. Rc7 Nb6 23. Re4 Nc4 24. Qc2 Nxd6 25. exd6 Rad8 26. d7 Re7 27. Nd5
Bf8 28. Nxe7+ Bxe7 29. Rc8 Qf6 30. Qc7 Kg7 31. Rf4 Qg5 32. h4 Qc5 33. Qxc5 1-0